01087nam a22003017a 45000010008000000030009000080050017000170070003000340080035000370200016000720400030000880820020001181000044001382450117001822640040002993000051003393360029003903370035004193380030004545900026004846500026005106500021005367000038005579100040005959420012006359520121006479990017007680011630DO-SdBPM20250730103108.0ta161017b20uu sp | |||| 00| 0 spa d a|8476410395 aDO-SdBPMbspacBPMSUerda 4a611bB517c 2221 a Bernabé Ortega, Eric Gil de eautor 10aConocimiento de nuestro cuerpo y sus cuidados /c Eric Gil de Bernabé Ortega ; prólogo Ferran Muñoz Agel  aBarcelona :bMundilibros, c[200-?] a200 páginas :bilustraciones ;c 26 cm. e  atexto btxt2rdacontent  asin mediación bn2rdamedia  avolumen bnc2rdacarrier  aInventariado, 2025/VM 7aAnatomía humana v  7aFisiología v 1 a Muñoz Agel, Ferraneprólogo aVMateo V. Control de calidad BPMSU  2ddccBK 00102ddc708CGaBPMETbBPMETd2025-07-30eFUNDIl0oBPMSU CG 611 B517c pBPMSU25070075r2025-07-30w2025-07-30yBK c15291d15291